Loading...
Mahe St. Theresa`s palli /
| Format: | Printed Book |
|---|---|
| Language: | Malayalam |
| Published: |
Kannur:
Mathrubhumi,
2013.
|
| Subjects: |
| LEADER | 00511cam a2200169ua 4500 | ||
|---|---|---|---|
| 008 | 130129t2013||||||||||| 00 ||mal c | ||
| 041 | 0 | |a mal | |
| 082 | |a 954.83 |b MAH | ||
| 245 | 0 | 0 | |a Mahe St. Theresa`s palli / |
| 260 | |a Kannur: |b Mathrubhumi, |c 2013. | ||
| 300 | |a 4p.. | ||
| 362 | 1 | |a 2013. | |
| 650 | |a Mahe St. Theresa`s church | ||
| 650 | 0 | |a Mahe-History | |
| 942 | |c REF | ||
| 999 | |c 28252 |d 28252 | ||
| 952 | |0 0 |1 0 |4 0 |6 954_830000000000000_MA |7 0 |9 30034 |a KUCL |b KUCL |d 2014-05-23 |l 0 |o 954.83 MA |p MC/A73 |r 2014-05-23 |w 2014-05-23 |y REF | ||